<?xml version="1.0" encoding="UTF-8"?>
<marc:record xmlns:marc="http://www.loc.gov/MARC21/slim">
   <marc:leader>00000nam a2200000 a 4500</marc:leader>
   <marc:datafield ind1="1" ind2=" " tag="100">
      <marc:subfield code="a">Yancey, Rick</marc:subfield>
      <marc:subfield code="4">aut</marc:subfield>
      <marc:subfield code="e">Verfasser/-in</marc:subfield>
   </marc:datafield>
   <marc:datafield ind1="1" ind2=" " tag="100">
      <marc:subfield code="a">Bauer, Thomas</marc:subfield>
      <marc:subfield code="4">trl</marc:subfield>
      <marc:subfield code="e">Übersetzer/-in</marc:subfield>
   </marc:datafield>
   <marc:datafield ind1=" " ind2=" " tag="653">
      <marc:subfield code="a">Welle</marc:subfield>
   </marc:datafield>
   <marc:datafield ind1=" " ind2=" " tag="653">
      <marc:subfield code="a">Science Fiction</marc:subfield>
   </marc:datafield>
   <marc:datafield ind1=" " ind2=" " tag="653">
      <marc:subfield code="a">Jugendbuch</marc:subfield>
   </marc:datafield>
   <marc:datafield ind1="0" ind2="0" tag="245">
      <marc:subfield code="a">Das unendliche Meer</marc:subfield>
   </marc:datafield>
   <marc:datafield ind1="0" ind2="0" tag="245">
      <marc:subfield code="c">Rick Yancey</marc:subfield>
   </marc:datafield>
   <marc:datafield ind1=" " ind2="1" tag="264">
      <marc:subfield code="a">München</marc:subfield>
      <marc:subfield code="b">Goldmann  Verl.</marc:subfield>
      <marc:subfield code="c">2014</marc:subfield>
   </marc:datafield>
   <marc:datafield ind1="1" ind2=" " tag="490">
      <marc:subfield code="a">¬Die¬ fünfte Welle</marc:subfield>
      <marc:subfield code="v">Bd. 2</marc:subfield>
   </marc:datafield>
   <marc:datafield ind1="1" ind2=" " tag="520">
      <marc:subfield code="a">Die erste Welle vernichtete eine halbe Million Menschen, die zweite Welle noch viel mehr. Die dritte Welle dauerte ganze zwölf Wochen an, danach waren vier Milliarden tot. Nach der vierten Welle kann man niemandem mehr trauen. Und die fünfte Welle? Cassie Sullivan hat überlebt und findet sich jetzt in einer Welt voller Misstrauen, Verrat und Verzweiflung wieder. Und während die fünfte Welle ihren Verlauf nimmt, halten Cassie, Ben und Ringer ihre kleine Widerstandsgruppe zusammen, um gemeinsam gegen die Anderen zu kämpfen. Dabei hofft Cassie immer noch, dass ihr Retter Evan Walker lebt, denn der Kampf ums Überleben wird immer aussichtloser. Bis eines Tages ein Fremder versucht, in ihr Versteck einzudringen ...</marc:subfield>
   </marc:datafield>
   <marc:datafield ind1=" " ind2=" " tag="020">
      <marc:subfield code="a">9783442313358</marc:subfield>
      <marc:subfield code="9">9783442313358</marc:subfield>
   </marc:datafield>
   <marc:datafield ind1=" " ind2=" " tag="020">
      <marc:subfield code="a">344231335X</marc:subfield>
      <marc:subfield code="9">344231335X</marc:subfield>
   </marc:datafield>
   <marc:datafield ind1=" " ind2=" " tag="500">
      <marc:subfield code="a">Ins Deutsche übertragen</marc:subfield>
   </marc:datafield>
   <marc:datafield ind1=" " ind2=" " tag="300">
      <marc:subfield code="a">350 S.</marc:subfield>
   </marc:datafield>
</marc:record>
